[Event "62nd ch-POL"]
[Site "Poznan POL"]
[Date "2005.04.27"]
[Round "7"]
[White "Grabarczyk,M"]
[Black "Wojtaszek,R"]
[Result "1/2-1/2"]
[WhiteElo "2487"]
[BlackElo "2569"]

1.d4 Nf6 2.c4 e6 3.Nf3 c5 4.d5 b5 5.dxe6 fxe6 6.cxb5 Bb7 7.g3 Be7 8.Bg2 O-O
9.O-O a6 10.Nc3 Nd5 11.Nxd5 Bxd5 12.bxa6 Rxa6 13.Ne5 Bxg2 14.Kxg2 d5 15.b3 Bf6
16.Bb2 Qd6 17.Nd3 Bxb2 18.Nxb2 Nd7 19.Qc2 Nf6 20.a3 e5 21.Nd3 Rc6 22.Rac1 Ng4
23.Qd2 e4 24.f3 Nf6 25.Nf2 Qe6 26.Qc2 exf3+ 27.exf3 c4 28.bxc4 dxc4 29.Ne4 Nd5
30.Rfe1 Qg6 31.Nf2 Qxc2 32.Rxc2 Ra8 33.Rd2 Nb6 34.Ne4 c3 35.Ra2 Nd5 36.Rc1 c2
37.Kf1 Ne3+ 38.Kf2 Nd1+ 39.Ke2 Rac8 40.a4 Nc3+ 41.Nxc3 Rxc3 42.Kd2 R3c4 43.Rcxc2 Rd4+
44.Ke3 Rxc2 45.Rxc2 Rxa4 46.Rc5 Kf7 47.g4 h6 48.h4 Kf6 49.h5 Rb4 50.Rd5 Ra4
51.Rd4 Ra3+ 52.Ke4 Ra6 53.Kf4 Rb6 54.Ra4 Rc6 55.Ra5 Rc4+ 56.Kg3 Rc6 57.Rf5+ Ke6
58.Rf8 Ke7 59.Rf4 Ke6 60.Kh4 Rc5 61.Rf8 Ke7 62.Ra8 Kf6 63.Ra6+ Kf7 64.Ra4 Kf6
65.f4 Rc6 66.Ra3 Rb6 67.Kg3 Kf7 68.Kf3 Kf6 69.Rc3 Rb4 70.Rc6+ Kf7 71.Ke3 Ke7
72.Rc7+ Kf6 73.Rd7 Rb3+ 74.Ke4 Rb6 75.Rd4 Re6+ 76.Kf3 Ra6 77.Rd3 Ra4 78.Kg3 Rb4
79.Rc3 Ra4 80.Rc6+ Kf7 81.g5 hxg5 82.fxg5 Ra3+ 83.Kg4 Ra4+ 84.Kf5 Ra5+ 85.Kf4 Ra4+
86.Kf3 Ra3+ 87.Ke4 Ra4+ 88.Kd5 Ra5+ 89.Rc5 Rxc5+ 90.Kxc5 Ke6 91.h6 gxh6 92.gxh6  1/2-1/2

[Event "62nd ch-POL"]
[Site "Poznan POL"]
[Date "2005.04.29"]
[Round "8"]
[White "Wojtaszek,R"]
[Black "Jaracz,P"]
[Result "1/2-1/2"]
[WhiteElo "2569"]
[BlackElo "2530"]

1.d4 Nf6 2.c4 e6 3.Nf3 b6 4.Nc3 Bb4 5.Bg5 Bb7 6.Nd2 h6 7.Bh4 Qe7 8.a3 Bxc3
9.bxc3 d6 10.f3 Nbd7 11.e4 g5 12.Bf2 Nh5 13.g3 O-O-O 14.Bd3 f5 15.Qe2 Qf7
16.a4 a5 17.c5 dxc5 18.Ba6 cxd4 19.cxd4 fxe4 20.fxe4 Nhf6 21.Rc1 Nb8 22.Bb5 Nbd7
23.O-O Kb8 24.g4 e5 25.d5 h5 26.Bc6 Qh7 27.Bxb7 Kxb7 28.Qc4 hxg4 29.Qxc7+ Ka8
30.Qc6+ Ka7 31.Qc7+ Ka8 32.h4 Rc8 33.Qxc8+ Rxc8 34.Rxc8+ Kb7 35.Rfc1 Nc5
36.Bxc5 Kxc8 37.Bxb6+ Kb8 38.Bc7+ Ka8 39.Bxe5 Qa7+ 40.Kg2 Qe3 41.Rc8+ Kb7
42.Rc7+ Ka8  1/2-1/2

[Event "62nd ch-POL"]
[Site "Poznan POL"]
[Date "2005.04.30"]
[Round "9"]
[White "Warakomski,T"]
[Black "Wojtaszek,R"]
[Result "1/2-1/2"]
[WhiteElo "2384"]
[BlackElo "2569"]

1.e4 c5 2.Nf3 d6 3.d4 cxd4 4.Nxd4 Nf6 5.Nc3 Nc6 6.Bc4 e5 7.Nf3 Be6 8.Bb3 h6
9.Qe2 Be7 10.O-O O-O 11.Be3 Na5 12.Rfd1 Nxb3 13.axb3 Qc7 14.Bxa7 b5 15.Nxb5 Qb7
16.Be3 Nxe4 17.Nc3 Nxc3 18.bxc3 Bg4 19.h3 Bh5 20.Rxa8 Rxa8 21.Qc4 Bg6 22.Qd5 Qxd5
23.Rxd5 Bxc2 24.Nd2 f5 25.f4 exf4 26.Bxf4 Kf7 27.Nc4 Ra1+ 28.Kh2 Ke6 29.Rd2 Bxb3
30.Nxd6 Ra2 31.Nb5 Rxd2 32.Bxd2 Ke5 33.Nd4 Bd5 34.g3 Ke4 35.h4 Bd6 36.Bc1 Bf7
37.Kg2 Be5 38.Kf2 Be8 39.Be3 Bd7 40.Ne2 Bd6 41.Bd4 g5  1/2-1/2

[Event "62nd ch-POL"]
[Site "Poznan POL"]
[Date "2005.05.01"]
[Round "10"]
[White "Wojtaszek,R"]
[Black "Markowski,T"]
[Result "1/2-1/2"]
[WhiteElo "2569"]
[BlackElo "2560"]

1.d4 d5 2.Nf3 Nf6 3.c4 dxc4 4.Nc3 e6 5.e4 Bb4 6.e5 Nd5 7.Bd2 Nb6 8.Bg5 Qd5
9.Be2 Bd7 10.O-O Bxc3 11.bxc3 Bc6 12.Qc1 h6 13.Bh4 O-O 14.Be7 Re8 15.Ba3 N8d7
16.Re1 Qb5 17.Rb1 Qa6 18.Nd2 Bd5 19.Bh5 Nf8 20.f3 Nbd7 21.Ne4 Nh7 22.Bb4 Bxe4
23.fxe4 c5 24.Ba3 Rac8 25.Rf1 Rf8 26.Qb2 b6 27.Rbd1 Qa4 28.Qc1 b5 29.Bxc5 Nxc5
30.dxc5 b4 31.Rd4 bxc3 32.Qxc3 Rxc5 33.Bxf7+ Rxf7 34.Rd8+ Nf8 35.Rxf7 Kxf7
36.Qf3+ Kg6 37.h4 Qa5 38.h5+ Kh7 39.Qxf8  1/2-1/2

[Event "62nd ch-POL"]
[Site "Poznan POL"]
[Date "2005.05.02"]
[Round "11"]
[White "Bobras,P"]
[Black "Wojtaszek,R"]
[Result "1/2-1/2"]
[WhiteElo "2501"]
[BlackElo "2569"]

1.e4 c5 2.Nf3 d6 3.d4 cxd4 4.Nxd4 Nf6 5.Nc3 Nc6 6.Bg5 e6 7.Qd2 a6 8.O-O-O Nxd4
9.Qxd4 Be7 10.f4 b5 11.Bxf6 gxf6 12.e5 d5 13.Kb1 Bd7 14.f5 fxe5 15.Qxe5 Bf6
16.Qe3 Qe7 17.Be2 O-O 18.fxe6 fxe6 19.Bg4 Rae8 20.Qh3 Bxc3 21.Qxc3 Qg7 22.Qg3 Rf6
23.Qd6 Rc8 24.Rhf1 Rc6 25.Qb8+ Rc8 26.Qd6 Rc6 27.Qb8+ Rc8 28.Qd6  1/2-1/2

[Event "62nd ch-POL"]
[Site "Poznan POL"]
[Date "2005.05.03"]
[Round "12"]
[White "Wojtaszek,R"]
[Black "Urban,K"]
[Result "1-0"]
[WhiteElo "2569"]
[BlackElo "2497"]

1.d4 Nf6 2.c4 g6 3.Nc3 Bg7 4.e4 d6 5.f3 O-O 6.Nge2 a6 7.d5 c6 8.Be3 Nbd7
9.Nc1 Ne5 10.Be2 cxd5 11.cxd5 Qc7 12.O-O Nc4 13.Bxc4 Qxc4 14.Nb3 Bd7 15.Rc1 Rfc8
16.Qd2 Qb4 17.Qf2 a5 18.Nd4 a4 19.a3 Qa5 20.Nc2 Qd8 21.Bb6 Qf8 22.Rfe1 Be8
23.Rcd1 Nd7 24.Bd4 Ne5 25.Ne3 b5 26.f4 Nc4 27.Nxc4 Rxc4 28.e5 Bd7 29.exd6 exd6
30.Ne4 f6 31.Bc3 Bf5 32.Nd2 Rcc8 33.Nf3 Bg4 34.f5 Re8 35.Qg3 Bxf5 36.Nd4 Bd7
37.Ne6 Bxe6 38.dxe6 Rad8 39.Ba5 Rc8 40.Bb4 f5 41.Rxd6 Bxb2 42.Qd3 Qg7 43.e7 Bf6
44.Qd5+ Qf7 45.Rde6 Bc3 46.Bxc3 Rxc3 47.Qxb5 Rxa3 48.Rf6 Qxf6 49.Qxe8+ Kg7
50.Qd7 Qb6+ 51.Kh1  1-0

[Event "62nd ch-POL"]
[Site "Poznan POL"]
[Date "2005.05.05"]
[Round "13"]
[White "Miton,K"]
[Black "Wojtaszek,R"]
[Result "0-1"]
[WhiteElo "2592"]
[BlackElo "2569"]

1.d4 Nf6 2.c4 e6 3.Nf3 c5 4.g3 cxd4 5.Nxd4 a6 6.Bg2 Qc7 7.Nd2 Nc6 8.e3 Be7
9.O-O O-O 10.N2b3 d6 11.Nxc6 bxc6 12.Bd2 a5 13.Nd4 Bd7 14.Qc2 Rfc8 15.Rfc1 Rab8
16.Rab1 Bd8 17.Qd3 Qa7 18.Nf3 Be7 19.Bc3 Qa6 20.Rd1 h6 21.e4 Be8 22.h3 Nd7
23.Bf1 Nc5 24.Qc2 e5 25.Rd2 Qa7 26.Rbd1 Qc7 27.Ne1 Ne6 28.Ng2 Rd8 29.h4 h5
30.Ne3 g6 31.Re1 Nd4 32.Qd1 Bf6 33.Bh3 Bg7 34.Rd3 a4 35.Kg2 Qa7 36.Kh1 c5
37.Bg2 Bc6 38.Rf1 Qb7 39.f3 Rf8 40.Kh2 Qe7 41.Bh3 Bh6 42.Rf2 Rb7 43.Nd5 Bxd5
44.cxd5 Qe8 45.a3 f5 46.Bxd4 cxd4 47.exf5 Be3 48.Rg2 gxf5 49.Qc2 Rg7 50.Rd1 Qg6
51.Qxa4 Qf6 52.Qc2 Kh8 53.b4 e4 54.f4 d3 55.Qb3 Rfg8 56.Rf1 Rc7 57.a4 Qg6
58.Re1 Bd4 59.a5 Rc2  0-1

[Event "6th EICC Qualification"]
[Site "Warsaw POL"]
[Date "2005.07.02"]
[Round "3"]
[White "Wojtaszek,R"]
[Black "Roiz,M"]
[Result "1/2-1/2"]
[WhiteElo "2569"]
[BlackElo "2579"]

1.d4 e6 2.c4 Bb4+ 3.Nd2 Nf6 4.Nf3 b6 5.a3 Bxd2+ 6.Bxd2 Bb7 7.Bg5 d6 8.e3 Nbd7
9.Bd3 Qe7 10.Qc2 h6 11.Bh4 e5 12.dxe5 Nxe5 13.Nxe5 dxe5 14.O-O O-O 15.Rfd1 Rfd8
16.h3 c5 17.Be2 Rxd1+ 18.Rxd1 Rd8 19.Rxd8+ Qxd8 20.Qc3 Qd6 21.Bg3 Nd7 22.Bg4 f6
23.Qc2 Nf8 24.Qa4 Qc6 25.Qxc6 Bxc6 26.f4 exf4 27.exf4 Nd7 28.Kf2 Kf7 29.Be2 Ke6
30.Bf1 f5 31.Ke3 Nf6 32.Be1 a5 33.Bc3 g6 34.Be5 Nd7 35.Bg7 h5 36.Bc3 Be4
37.Kf2 Bc6 38.Kg3 Nf6 39.Be5 Ne4+ 40.Kh2 Nd6 41.Be2 Ba4 42.Kg3 Bb3 43.Bxd6 Kxd6
44.Kh4 Ke6 45.Kg5 Kf7 46.Bd3 Bd1 47.Kh4 Kf6 48.Kg3 Ba4 49.Kf2 h4 50.g3  1/2-1/2

[Event "DMP 1st League"]
[Site "Koszalin POL"]
[Date "2005.07.05"]
[Round "1"]
[White "Wojtaszek,R"]
[Black "Szczepinski,M"]
[Result "1/2-1/2"]
[WhiteElo "2591"]
[BlackElo "2259"]

1.d4 Nf6 2.c4 g6 3.Nc3 Bg7 4.e4 d6 5.f3 O-O 6.Nge2 c5 7.d5 e6 8.Ng3 exd5
9.cxd5 h5 10.Bg5 a6 11.a4 Qe8 12.Be2 Nh7 13.Bf4 Qe7 14.Qd2 Nd7 15.Nf1 Re8
16.Ne3 Ne5 17.Bg3 h4 18.Bf2 Bh6 19.O-O Bd7 20.Qe1 b5 21.Ncd1 g5 22.b4 c4
23.Nc3 Reb8 24.Nf5 Bxf5 25.exf5 Qb7 26.Qd1 Bg7 27.Rc1 Qd7 28.Ne4 bxa4 29.Qd2 Nd3
30.Bxd3 cxd3 31.Nxg5 Qxf5 32.Nxh7 Kxh7 33.Rc4 h3 34.Rh4+ Kg8 35.Rg4 a5 36.bxa5 hxg2
37.Rxg2 Kf8 38.Bb6 Qxd5 39.Qf4 Rxb6 40.axb6 Qd4+ 41.Qxd4 Bxd4+ 42.Kh1 a3
43.b7 Rb8 44.Rd2 Rxb7 45.Rxd3 Bc5 46.Kg2 Rb2+ 47.Kg3 Kg7 48.h4 Rc2 49.Kf4 Rh2
50.Kg5 Rg2+ 51.Kf5 Rh2 52.f4 Rxh4 53.Rg3+ Kf8 54.Rb1 Rh6 55.Rb8+ Ke7 56.Rb7+ Kf8
57.Rb8+ Ke7 58.Rgg8 Rh5+ 59.Kg4 Rh1 60.Kf5 Rh5+  1/2-1/2

[Event "DMP 1st League"]
[Site "Koszalin POL"]
[Date "2005.07.06"]
[Round "2"]
[White "Rutkowski,M"]
[Black "Wojtaszek,R"]
[Result "0-1"]
[WhiteElo "2358"]
[BlackElo "2591"]

1.e4 c5 2.Nf3 d6 3.d4 cxd4 4.Nxd4 Nf6 5.Nc3 a6 6.Be2 e6 7.a4 Qc7 8.O-O b6
9.f4 Bb7 10.Bf3 Nc6 11.Nxc6 Bxc6 12.Be3 Be7 13.Qd4 Rb8 14.Qc4 Qb7 15.f5 d5
16.exd5 exd5 17.Qf4 O-O 18.Bd4 Rbd8 19.Rae1 Bc5 20.Kh1 Bxd4 21.Qxd4 Rfe8
22.Rxe8+ Rxe8 23.Rd1 Ne4 24.Bxe4 dxe4 25.f6 Qc8 26.fxg7 e3 27.Qh4 Qf5 28.Re1 Qf2
29.Qxf2 exf2  0-1

[Event "DMP 1st League"]
[Site "Koszalin POL"]
[Date "2005.07.07"]
[Round "3"]
[White "Wojtaszek,R"]
[Black "Warakomski,T"]
[Result "1/2-1/2"]
[WhiteElo "2591"]
[BlackElo "2375"]

1.c4 e5 2.d3 Nf6 3.Nf3 c6 4.Nc3 d5 5.cxd5 Nxd5 6.g3 Be7 7.Bg2 Be6 8.O-O Nd7
9.e4 Nxc3 10.bxc3 Nc5 11.Ne1 Qd7 12.Be3 Rd8 13.Qh5 Nxd3 14.Nxd3 Qxd3 15.Qxe5 Bf6
16.Qc7 Bxc3 17.Rac1 O-O 18.Qxb7 Bd4 19.Bxd4 Qxd4 20.Rxc6 Bxa2 21.Qa6 Be6
22.h3 g6 23.Kh2 Bc8 24.Qa2 Be6 25.Qa3 Rd7 26.f4 Qd2 27.g4 Qe2 28.Qf3 Qb5
29.Rc3 f6 30.Rfc1 Qb8 31.Qg3 a5 32.Rc6 Bb3 33.e5 fxe5 34.fxe5 a4 35.Rd6 Re7
36.Rcc6 Qe8 37.Rc5 Qb8 38.Qc3 a3 39.Rdc6 a2 40.Rc8 Qb6 41.Rxf8+ Kxf8 42.Rc8+ Re8
43.Qf3+ Ke7 44.Rc1 Rf8 45.Qe4 Kf7 46.Qd3 Qe6 47.Qd4 Kg8 48.Rc6 Qe7 49.Rb6 Rd8
50.Qc3 Bd5 51.Bxd5+ Rxd5 52.Ra6 Qxe5+ 53.Qxe5 Rxe5 54.Rxa2  1/2-1/2

[Event "DMP 1st League"]
[Site "Koszalin POL"]
[Date "2005.07.07"]
[Round "4"]
[White "Gumula,D"]
[Black "Wojtaszek,R"]
[Result "0-1"]
[WhiteElo "2287"]
[BlackElo "2591"]

1.e4 c5 2.Nf3 d6 3.d4 Nf6 4.Bb5+ Nbd7 5.e5 Qa5+ 6.Nc3 Ne4 7.Bd2 Nxc3 8.Bxd7+ Bxd7
9.Bxc3 Qa6 10.exd6 exd6 11.dxc5 O-O-O 12.Qd3 Qxd3 13.cxd3 dxc5 14.O-O f6
15.Rfc1 Kb8 16.d4 c4 17.Bd2 Be6 18.Be3 Bd5 19.Nd2 Rc8 20.Nb1 Bf7 21.Nc3 b6
22.a3 Kb7 23.Re1 Bd6 24.Nb5 Bf8 25.Bf4 Rd8 26.Nd6+ Rxd6 27.Bxd6 Bxd6  0-1

[Event "DMP 1st League"]
[Site "Koszalin POL"]
[Date "2005.07.08"]
[Round "5"]
[White "Wojtaszek,R"]
[Black "Szwed,J"]
[Result "1-0"]
[WhiteElo "2591"]
[BlackElo "2162"]

1.d4 Nf6 2.c4 c5 3.Nf3 cxd4 4.Nxd4 b6 5.Nc3 Bb7 6.f3 d6 7.e4 g6 8.Be3 Bg7
9.Be2 Nbd7 10.O-O O-O 11.Qd2 Re8 12.Rfd1 Rc8 13.Rac1 a6 14.Bf1 Qc7 15.Nd5 Qb8
16.b4 e6 17.Nxf6+ Bxf6 18.Nb3 Be7 19.a4 Bc6 20.Ra1 Red8 21.Qf2 Ba8 22.a5 bxa5
23.Nxa5 Bf6 24.Rab1 Qc7 25.Qd2 Be5 26.f4 Bg7 27.Qxd6 Qxd6 28.Rxd6 Bf8 29.Rd4 e5
30.fxe5 Nxe5 31.c5 Ng4 32.Rbd1 Rxd4 33.Bxd4 Bxe4 34.Bxa6 Rd8 35.Be2 Bh6 36.Bxg4 Rxd4
37.Rxd4 Be3+ 38.Kf1 Bxd4 39.Ke2 Kf8 40.Bf3 Bf5 41.g4 Bb1 42.Nb3 Bg1 43.h3 Ke7
44.Kd2 f5 45.Kc3 Kf6 46.c6 Ke7 47.Nd4 fxg4 48.hxg4 Kd8 49.Kc4 h5 50.g5 h4
51.b5 Kc7 52.Kc5 Bxd4+ 53.Kxd4 Kb6 54.Bg4 Ba2 55.Ke5 Kc7 56.Bd7 h3 57.Bxh3 Bc4
58.Bg2 Bd3 59.Be4 Bxb5 60.Kf6  1-0

[Event "DMP 1st League"]
[Site "Koszalin POL"]
[Date "2005.07.09"]
[Round "6"]
[White "Wojtaszek,R"]
[Black "Mazurkiewicz,M"]
[Result "1-0"]
[WhiteElo "2591"]
[BlackElo "2124"]

1.d4 Nf6 2.c4 g6 3.g3 Bg7 4.Bg2 O-O 5.Nc3 d6 6.Nf3 c5 7.d5 e6 8.O-O exd5
9.cxd5 Na6 10.Nd2 Nc7 11.Nc4 Nfe8 12.a4 b6 13.Qd2 Ba6 14.b3 b5 15.axb5 Nxb5
16.Bb2 Qc8 17.Nxb5 Bxb5 18.Bxg7 Kxg7 19.e4 Qd7 20.f4 Bxc4 21.bxc4 f6 22.Qc3 Rb8
23.e5 Kg8 24.e6 Qe7 25.Ra6 Rb7 26.Rfa1 Ng7 27.Be4 Ra8 28.h4 f5 29.Bc2 Nh5
30.Kg2 Rab8 31.R1a2 Ra8 32.Qa1 Qd8 33.Rb2 Rg7 34.Kf3 h6 35.Rbb6 Nxg3 36.Kxg3 g5
37.fxg5 hxg5 38.h5 g4 39.h6 Rh7 40.Rb7 Rxb7 41.Bxf5 Qg5 42.h7+ Rxh7 43.Bxh7+ Kxh7
44.Rxa7+ Rxa7 45.Qxa7+ Kh6 46.Qa2 Qe3+ 47.Kxg4 Qe4+ 48.Kg3 Qe3+ 49.Kg2 Qe4+
50.Kf2 Qh4+ 51.Kf3 Qh5+ 52.Ke3 Qh3+ 53.Ke4 Kg6 54.Qf2 Qh1+ 55.Kd3 Qd1+ 56.Kc3 Qa1+
57.Kb3 Qb1+ 58.Qb2 Qd3+ 59.Qc3 Qb1+ 60.Ka3 Qb7 61.Ka2 Qa6+ 62.Kb2 Qb7+ 63.Kc1 Qa7
64.Kd1 Kg5 65.Ke2 Kg6 66.Qg3+ Kf5 67.Qf3+ Ke5 68.Qe3+ Kf6 69.Qf4+ Kg6 70.Qe4+ Kf6
71.Kf3 Qg7 72.Qh4+ Kf5 73.Qf4+  1-0

[Event "DMP 1st League"]
[Site "Koszalin POL"]
[Date "2005.07.11"]
[Round "8"]
[White "Wojtaszek,R"]
[Black "Kulesza,M"]
[Result "1-0"]
[WhiteElo "2591"]
[BlackElo "2294"]

1.d4 d5 2.c4 e5 3.dxe5 d4 4.Nf3 Nc6 5.a3 Nge7 6.e3 Bg4 7.h3 Bxf3 8.Qxf3 Nxe5
9.Qe4 N7c6 10.Be2 g6 11.O-O f5 12.Qd5 Qxd5 13.cxd5 d3 14.Bd1 Ne7 15.Ba4+ Nd7
16.d6 cxd6 17.Bd2 Bg7 18.Bc3 Be5 19.Rd1 O-O-O 20.Bxd7+ Kxd7 21.Rxd3 Ke6 22.Nd2 Rc8
23.Rd1 Bxc3 24.bxc3 d5 25.Nf3 Rc4 26.Rb1 b6 27.Rb3 h6 28.Nd4+ Ke5 29.Kf1 Rhc8
30.Ke2 Ra4 31.g4 Rc5 32.Rd1 Nc6 33.gxf5 g5 34.h4 Na5 35.Rb4 Rxa3 36.hxg5 hxg5
37.Rh1 Kf6 38.Rh6+ Kg7 39.Rg6+ Kf7 40.Ne6 Ra2+ 41.Kf1 Rxc3 42.Nxg5+ Ke7 43.f6+ Kd7
44.f7  1-0

[Event "DMP 1st League"]
[Site "Koszalin POL"]
[Date "2005.07.11"]
[Round "9"]
[White "Tomczak,J"]
[Black "Wojtaszek,R"]
[Result "0-1"]
[WhiteElo "2329"]
[BlackElo "2591"]

1.e4 c5 2.Nf3 d6 3.d4 cxd4 4.Nxd4 Nf6 5.f3 e5 6.Nb3 Be6 7.c4 Be7 8.Be3 a5
9.Be2 a4 10.N3d2 Qa5 11.Nc3 O-O 12.O-O Bd8 13.Kh1 Nc6 14.Nd5 Nd4 15.Bxd4 exd4
16.Nb1 Nxd5 17.cxd5 Bd7 18.Na3 Rc8 19.Bd3 Rc5 20.Qe2 Bf6 21.Qf2 Qc7 22.f4 g6
23.Rad1 Bg7 24.Nc2 Qb6 25.Na3 Rcc8 26.Rde1 Qc5 27.Qf3 b5 28.Qe2 Rb8 29.Rc1 Qb6
30.Rc2 Rfe8 31.Qf2 f5 32.exf5 gxf5 33.Rfc1 Re3 34.Rc7 Rb7 35.Rxb7 Qxb7 36.Qf1 Qxd5
37.Bxb5 Bxb5 38.Nxb5 d3 39.Rc8+ Bf8  0-1

[Event "TCh-POL Ekstraliga"]
[Site "Lubniewice POL"]
[Date "2005.09.05"]
[Round "3"]
[White "Wojtaszek,R"]
[Black "Fedorchuk,S"]
[Result "1/2-1/2"]
[WhiteElo "2591"]
[BlackElo "2571"]

1.d4 Nf6 2.c4 e6 3.Nf3 b6 4.Nc3 Bb7 5.a3 d5 6.cxd5 Nxd5 7.Qc2 Be7 8.e4 Nxc3
9.bxc3 O-O 10.Bd3 c5 11.O-O Qc7 12.Qe2 Nd7 13.e5 Rfd8 14.h4 Qc6 15.Be3 Nf8
16.h5 h6 17.a4 Nh7 18.Rfc1  1/2-1/2

[Event "TCh-POL Ekstraliga"]
[Site "Lubniewice POL"]
[Date "2005.09.07"]
[Round "5"]
[White "Navara,D"]
[Black "Wojtaszek,R"]
[Result "1-0"]
[WhiteElo "2663"]
[BlackElo "2591"]

1.d4 Nf6 2.Nf3 e6 3.c4 b6 4.g3 Ba6 5.b3 Bb4+ 6.Bd2 Be7 7.Nc3 c6 8.e4 d5 9.Qc2 dxe4
10.Nxe4 Nbd7 11.Bg2 Bb7 12.O-O O-O 13.Rad1 Nxe4 14.Qxe4 Nf6 15.Qe2 c5 16.Bf4 cxd4
17.Nxd4 Qc8 18.Rd3 Bxg2 19.Kxg2 Qb7+ 20.Qf3 Qxf3+ 21.Kxf3 Rfc8 22.Nb5 a6
23.Nd6 Rc6 24.Rfd1 Kf8 25.a4 Ne8 26.g4 g5 27.Nxe8 Kxe8 28.Be3 Rd8 29.Ke4 Rxd3
30.Rxd3 h6 31.Bd4 a5 32.Bg7 f6 33.Bxh6 Kf7 34.f4 f5+ 35.Ke3 Bc5+ 36.Ke2 gxf4
37.gxf5 exf5 38.Bxf4 Re6+ 39.Kf3 Re1 40.Bd6 Rf1+ 41.Kg3 Ke6 42.Bxc5 bxc5
43.Rd5 Rb1 44.Rxc5 Rxb3+ 45.Kf4 Rh3 46.Re5+ Kd6 47.Re2 Ra3 48.Kxf5 Rxa4 49.Rc2 Ra1
50.c5+ Kc6 51.h4 a4 52.h5 a3 53.Kg6 Rg1+ 54.Kf6 Rf1+ 55.Kg7 Rg1+ 56.Kh6 Rg3
57.Kh7 Rg5 58.h6 Rxc5 59.Ra2 Rg5 60.Rxa3 Kd7 61.Ra8 Rg1 62.Rg8 Rf1 63.Kg7  1-0

[Event "TCh-POL Ekstraliga"]
[Site "Lubniewice POL"]
[Date "2005.09.08"]
[Round "6"]
[White "Wojtaszek,R"]
[Black "Krasenkow,M"]
[Result "1/2-1/2"]
[WhiteElo "2591"]
[BlackElo "2663"]

1.Nf3 Nf6 2.c4 g6 3.Nc3 d5 4.cxd5 Nxd5 5.e4 Nxc3 6.bxc3 Bg7 7.d4 c5 8.Rb1 O-O
9.Be2 cxd4 10.cxd4 Qa5+ 11.Bd2 Qxa2 12.O-O Bg4 13.Rxb7 Bxf3 14.Bxf3 Bxd4
15.Bb4 Nc6 16.Bxe7 Rab8 17.Rc7 Nxe7 18.Qxd4 Qe6 19.Qxa7 Nc6 20.Qc5 Rfc8 21.Rxc8+ Rxc8
22.Qe3 Rd8 23.g3 Nd4 24.Bg2 Qc4 25.h4 h5 26.Kh2 Nb3 27.Re1 Rd3 28.Qf4 Qd4
29.Re2 Kg7 30.Rc2 Rd2 31.Rc7 Qf6 32.Qxf6+ Kxf6 33.e5+ Kxe5 34.Rxf7 Ke6 35.Rf8 Ke7
36.Rf4 Nc5 37.Bf1 Nd3 38.Rd4 Ne5 39.Re4 Kf6 40.Kg2 Rb2 41.Re1 Ra2 42.Be2 Rb2
43.Kf1 Kf5 44.Ra1 Kf6 45.Ra6+ Kf7 46.Ke1 Rb1+ 47.Kd2 Rb2+ 48.Ke3 Rb4 49.f3 Rb2
50.Ra5 Kf6 51.f4 Rb3+ 52.Kf2 Nd3+ 53.Kg2 Rb2 54.Kf3 Rb3 55.Ra6+ Kf5 56.Bxd3+  1/2-1/2

[Event "TCh-POL Ekstraliga"]
[Site "Lubniewice POL"]
[Date "2005.09.09"]
[Round "7"]
[White "Rustemov,A"]
[Black "Wojtaszek,R"]
[Result "1/2-1/2"]
[WhiteElo "2564"]
[BlackElo "2591"]

1.d4 Nf6 2.c4 e6 3.Nf3 b6 4.e3 Bb7 5.Bd3 d5 6.O-O Bd6 7.b3 O-O 8.Bb2 Nbd7
9.Nbd2 c5 10.cxd5 exd5 11.Ne5 Qe7 12.Ndf3 Rfd8  1/2-1/2

[Event "TCh-POL Ekstraliga"]
[Site "Lubniewice POL"]
[Date "2005.09.10"]
[Round "8"]
[White "Wojtaszek,R"]
[Black "Urban,K"]
[Result "1-0"]
[WhiteElo "2591"]
[BlackElo "2482"]

1.d4 Nf6 2.c4 d6 3.Nc3 Nbd7 4.Nf3 c6 5.e4 e5 6.Be2 Be7 7.O-O a6 8.Qc2 O-O
9.Rd1 Qc7 10.Bg5 h6 11.Bh4 Re8 12.Rac1 Nf8 13.d5 c5 14.Ne1 N6h7 15.Bxe7 Qxe7
16.Rb1 Qc7 17.b4 b6 18.bxc5 bxc5 19.Rb3 Bd7 20.Rdb1 Reb8 21.Qb2 Rxb3 22.Qxb3 Nf6
23.Qb6 Qxb6 24.Rxb6 Ne8 25.Nd3 Bc8 26.Rb3 Nd7 27.Bg4 Kf8 28.g3 Ke7 29.f4 f6
30.Be6 Ra7 31.Kf2 Rb7 32.f5 Kd8 33.Na4 Nc7 34.Rxb7 Bxb7 35.Bxd7 Kxd7 36.Naxc5+ dxc5
37.Nxc5+ Kc8 38.d6 Na8 39.d7+ Kc7 40.Nxb7 Kxd7 41.Nc5+ Kc6 42.Ne6 Nb6 43.Nxg7 Kc5
44.Ne8 Nd7 45.g4 Kxc4 46.Nd6+ Kd3 47.Kf3 a5 48.h4 a4 49.Nf7 Nc5 50.g5 fxg5
51.hxg5 hxg5 52.Nxe5+ Kc3 53.f6 g4+ 54.Kxg4 Nxe4 55.f7 Nf6+ 56.Kf5 Nh7 57.Nd7  1-0

[Event "TCh-CZE Extraliga 2005-6"]
[Site "Czech Rep CZE"]
[Date "2005.10.16"]
[Round "2"]
[White "Smistik,M"]
[Black "Wojtaszek,R"]
[Result "0-1"]
[WhiteElo "2375"]
[BlackElo "2606"]

1.e4 c5 2.Nf3 d6 3.d4 cxd4 4.Nxd4 Nf6 5.Nc3 a6 6.Bg5 e6 7.Qd2 h6 8.Be3 b5
9.f3 Bb7 10.O-O-O Nbd7 11.g4 b4 12.Nce2 d5 13.exd5 Nxd5 14.Ng3 N7f6 15.Bc4 Qc7
16.Bb3 O-O-O 17.Bf2 Qf4 18.Nge2 Qxd2+ 19.Rxd2 Bd6 20.Bg3 g6 21.Bxd5 Nxd5
22.Nb3 Be7 23.Rd4 Nb6 24.Rf1 Rxd4 25.Nexd4 Rd8 26.f4 Nc4 27.Re1 Bf6 28.c3 bxc3
29.bxc3 g5 30.fxg5 Bxg5+ 31.Kb1 Bd5 32.Re2 Be7 33.Bf4 Bf6 34.Bxh6 e5 35.g5 Bh8
36.Nf5 Bf3 37.Re1 Rd3 38.Kc2 e4 39.Nbd4 Bxd4 40.Nxd4 Bd1+ 41.Kc1 Ba4 42.g6 fxg6
43.Ne2 e3 44.Kb1 Na3+ 45.Kb2 Nc2 46.Rg1 Rd2 47.Nc1 Rxh2 48.Rxg6 e2 49.Nd3 e1=Q
50.Nxe1 Nxe1+ 51.Ka3 Bb5 52.c4 Bxc4 53.Rc6+ Kb7 54.Rc7+ Kb6 55.Be3+ Kxc7
56.Bf4+ Kc6 57.Bxh2 Nd3 58.Bg3 Kb5 59.Bh4 a5 60.Bg5 Nb4 61.Bd2 Nxa2 62.Kb2 Nb4  0-1

[Event "TCh-CZE Extraliga 2005-6"]
[Site "Czech Rep CZE"]
[Date "2005.11.05"]
[Round "3"]
[White "Timoscenko,G"]
[Black "Wojtaszek,R"]
[Result "1/2-1/2"]
[WhiteElo "2518"]
[BlackElo "2606"]

1.d4 Nf6 2.c4 e6 3.Nc3 Bb4 4.Qc2 d5 5.cxd5 Qxd5 6.Nf3 Qf5 7.Qxf5 exf5 8.a3 Be7
9.Bf4 c6 10.e3 Nbd7 11.Nd2 Nb6 12.Nc4 Nxc4 13.Bxc4 Be6 14.Bxe6 fxe6 15.Ke2 Kd7
16.Rac1 Rhg8 17.h3 Rac8 18.Nb1 Nd5 19.Be5 Bf6  1/2-1/2

[Event "WJun"]
[Site "Instanbul TUR"]
[Date "2005.11.21"]
[Round "12"]
[White "Wojtaszek,R"]
[Black "Stellwagen,D"]
[Result "1/2-1/2"]
[WhiteElo "2606"]
[BlackElo "2561"]

1.d4 Nf6 2.c4 g6 3.g3 Bg7 4.Bg2 O-O 5.Nc3 d6 6.Nf3 Nbd7 7.O-O e5 8.e4 a6
9.Qc2 exd4 10.Nxd4 Ne5 11.b3 Bd7 12.Rd1 Bg4 13.Nde2 Re8 14.h3 Bf3 15.Bxf3 Nxf3+
16.Kg2 Ne5 17.c5 Ned7 18.Ba3 Qc8 19.cxd6 cxd6 20.f3 d5 21.exd5 b5 22.Rac1 Qb7
23.Bd6 Nb6 24.Bc5 Nbxd5 25.Nxd5 Nxd5 26.Qd3 Rad8 27.Kf2 Bb2 28.Rc2 Bf6 29.Rcd2 Bg5
30.Rc2 Ne3 31.Qxd8 Bxd8 32.Bxe3 Bb6 33.Bxb6 Qxb6+ 34.Nd4 Rd8 35.Ke3 h5 36.h4 Qf6
37.f4 Qe7+ 38.Kf2 Qd7 39.Rcd2 Qh3 40.Nf3 Rxd2+ 41.Rxd2 Qc8 42.Re2 Qc5+ 43.Kg2 Kg7
44.Kf1 Kf6 45.Kg2 Qc3 46.Kf2 Kf5 47.Re5+ Kf6 48.Re2 a5 49.Kg2 a4 50.bxa4 bxa4
51.Kf2 a3 52.Kg2 Qc4 53.Kf2 Kf5 54.Nh2 f6 55.Nf1 Qc5+ 56.Kf3 Qc6+ 57.Kf2 Qb6+
58.Kf3 Qb7+ 59.Kf2 Kg4 60.Ne3+ Kh3 61.Nf1 Qb6+ 62.Ne3 Qa7 63.Re1 Qb7 64.Re2 Qc6
65.Re1 Qa8 66.Re2 Qb7 67.Nf1 Qh1 68.Rd2 Qg2+ 69.Ke1 Qf3 70.Re2 Qc3+ 71.Kf2 Qc5+
72.Ne3 g5 73.fxg5 fxg5 74.hxg5 Qxg5 75.Nf1 Qc5+ 76.Ke1 Kg4 77.Re3 Qc2 78.Re2 Qc3+
79.Kf2 Qf3+ 80.Ke1 Qb7 81.Kf2 Kh3 82.Ke1 Qb1+ 83.Kf2 Qb6+ 84.Ke1 Kg4 85.Rd2 Kf3
86.Rd3+ Kg2 87.Ne3+ Kh3 88.Nc2 Qa5+ 89.Kd1 Qb5 90.Rxa3 Qb1+ 91.Kd2 Kg2 92.Ra5 Kxg3  1/2-1/2

[Event "WJun"]
[Site "Instanbul TUR"]
[Date "2005.11.22"]
[Round "13"]
[White "Wojtaszek,R"]
[Black "Alekseev,Evgeny"]
[Result "0-1"]
[WhiteElo "2606"]
[BlackElo "2632"]

1.d4 Nf6 2.c4 e6 3.Nf3 b6 4.Nc3 Bb4 5.Bg5 Bb7 6.e3 h6 7.Bh4 g5 8.Bg3 Ne4
9.Nd2 Nxg3 10.hxg3 Bxc3 11.bxc3 Nc6 12.e4 Qe7 13.Bd3 O-O-O 14.Qe2 Kb8 15.Nb3 d6
16.g4 Qf6 17.a4 a5 18.Rb1 Ka7 19.Kd2 Ne7 20.Qe3 Qf4 21.Qxf4 gxf4 22.Rh5 Rdg8
23.Nxa5 Ba6 24.Nb3 Rxg4 25.Rh2 Rg5 26.Ke2 f5 27.Nd2 fxe4 28.Nxe4 Ra5 29.Rh4 e5
30.dxe5 Ng6 31.Rg4 Nxe5 32.Rg7 Kb8 33.Bc2 Nxc4 34.Kd1 Rh5 35.Rb4 Re8 36.Bd3 Nb2+
37.Rxb2 Bxd3 38.Nf6 Rh1+ 39.Kd2 Re2+ 40.Kxd3 Rxb2 41.Nd5 Rxf2 42.Nxc7 Rh5
43.Ne6 Re5 44.Nd4 Kc8 45.Nb5 Kd8 46.Rg6 Ke7 47.Nd4 Kd7 48.Kc4 Rc5+ 49.Kd3 Re5
50.Kc4 h5 51.Rg7+ Re7 52.Rg5 h4 53.Rg4 Rh7 54.Nf5 f3 55.Nxh4 Ra2 56.Kb3 f2
57.Kc4  0-1

[Event "5th Amplico AIG Life"]
[Site "Warsaw POL"]
[Date "2005.12.17"]
[Round "2"]
[White "Matras,A"]
[Black "Wojtaszek,R"]
[Result "0-1"]
[WhiteElo "2246"]
[BlackElo "2606"]

1.e4 c5 2.Nc3 a6 3.f4 b5 4.Nf3 Bb7 5.d3 e6 6.g3 Nf6 7.Bg2 Be7 8.O-O O-O 9.e5 Nd5
10.Ne4 Nc6 11.c3 Rc8 12.Qe2 Re8 13.Bd2 d6 14.Nxd6 Bxd6 15.exd6 Qxd6 16.Rad1 Rcd8
17.Bc1 Nce7 18.Ne5 Qc7 19.Kh1 Nf6 20.Be3 Bxg2+ 21.Qxg2 Rd5 22.Rd2 Ng6 23.d4 Red8
24.Rfd1 cxd4 25.Bxd4 Ne7 26.g4 Ng6 27.Nxg6 hxg6 28.Bxf6 Rxd2 29.Rxd2 Rxd2
30.Qxd2 gxf6 31.Qg2 Qxf4 32.h3 Kg7 33.Qe2 Qg3 34.Qf1 e5 35.a4 bxa4 36.c4 e4
37.c5 e3 38.Qe2 Qxh3+ 39.Kg1 Qg3+ 40.Kf1 Qf4+ 41.Kg1 Qe5 42.c6 Qc5 43.c7 Qxc7
44.Qxe3 Qe5 45.Qb6 a3 46.bxa3 Qa1+  0-1